Multiple Choice City Quiz – Riverside - Statistics

General Stats
  • This quiz has been taken 33 times
  • The average score is 3 of 10
Answer Stats
Question Answer % Correct
The city was named Riverside due to being next to a Californian river. Which river is it? Santa Ana River
59%
What industry of California did Riverside start? Citrus
52%
The first showing of the movie Gone With the Wind was shown in Riverside. Which theater was it shown in? Riverside Fox Theater
48%
Which US interstate connects to RIverside? I-215
41%
Mount Rubidoux is a famous tourist attraction in Riverside. How tall is the mountain? 1331 ft
33%
What year was Riverside established? 1870
30%
Which one of these buildings is from Riverside?
26%
What month does the Riverside International Film Festival take place in? April
26%
What is Riverside's motto? City of Arts & Innovation
26%
How many neighborhoods are in Riverside? 28
0%
No matching quizzes found
Score Distribution
Percent of People with Each Score
Percentile by Number Answered
Your Score History
You have not taken this quiz